| 000 | 00660nam a22002417a 4500 | ||
|---|---|---|---|
| 003 | UA-OsUOA | ||
| 001 | 24224 | ||
| 007 | ta | ||
| 008 | 20040211b un ||||| |||| 00| 0 ukr d | ||
| 100 | _aГордон А.В. | ||
| 090 |
_a327 _bГ68 |
||
| 942 | _cBK | ||
| 040 |
_aUA-OsUOA _brus _cUA-OsUOA _dUA-OsUOA |
||
| 245 | _aПроблемы национально-освободительной борьбы в творчестве Франца Фанона | ||
| 300 | _a240 с. | ||
| 955 | _a0 | ||
| 041 | _arus | ||
| 080 | _a327 | ||
| 260 |
_aМосква _bАкадемия Наук СРСР _c1977 |
||
| 044 | _aRU | ||
| 650 | 7 | _2UDC | |
| 999 |
_c310490 _d310490 |
||